Medzinárodné združenie v cestovnom ruchu Tourism Area Central Europe - Danube Region

V dňoch 24.-25. júla 1997 sa v Eisenstadte uskutočnilo stretnutie ministrov vybraných štátov strednej Európy zodpovedných za rozvoj cestovného ruchu. Založili medzinárodné združenie v cestovnom ruchu Tourism Area Central Europe - Danube Region (Región strednej Európy a Podunajska). Ide o región mimo...

Descrizione completa

Salvato in:
Dettagli Bibliografici
Autore principale: Grellnethová, Magdaléna
Natura: Capitolo di libro
Lingua:slovacco
Soggetti:
Tags: Aggiungi Tag
Nessun Tag, puoi essere il primo ad aggiungerne!!

MARC

LEADER 00000naa a2200000 4500
001 r030388
005 20230426125135.6
041 0 |a slo 
044 |a SK 
245 1 0 |a Medzinárodné združenie v cestovnom ruchu Tourism Area Central Europe - Danube Region  |c Magdaléna Grellnethová 
520 |a V dňoch 24.-25. júla 1997 sa v Eisenstadte uskutočnilo stretnutie ministrov vybraných štátov strednej Európy zodpovedných za rozvoj cestovného ruchu. Založili medzinárodné združenie v cestovnom ruchu Tourism Area Central Europe - Danube Region (Región strednej Európy a Podunajska). Ide o región mimoriadne bohatý na prírodné, kultúrne a historické danosti. 
610 2 0 |a ruch cestovný 
610 2 0 |a stredná Európa 
610 2 0 |a Slovensko 
610 2 0 |a združenia 
610 2 0 |a Tourism Area Central Europe-Danube Region 
610 2 0 |a príroda 
610 2 0 |a kultúra 
610 2 0 |a história 
610 2 0 |a Dunaj 
100 1 |a Grellnethová, Magdaléna